[Event "Int. Championship of Central Serbia - OP"]
[Site "Paracin"]
[Date "2011.07.13"]
[Round "7.24"]
[White "Wilke, Werner"]
[Black "Martic, Ivan"]
[Result "0-1"]
[WhiteElo "2198"]
[BlackElo "2347"]
[PlyCount "56"]
[EventDate "2011.07.08"]

1. e4 e5 2. Nf3 Nc6 3. Bb5 a6 4. Ba4 Nf6 5. O-O Be7 6. Re1 b5 7. Bb3 d6 8. c3
O-O 9. d4 Bg4 10. d5 Na5 11. Bc2 c6 12. dxc6 Nxc6 13. Nbd2 Rc8 14. h3 Bh5 15.
Nf1 Qc7 16. g4 Bg6 17. Bg5 Nd7 18. Ne3 Bxg5 19. Nxg5 h6 20. Nf3 Nc5 21. Nd5 Qd8
22. Qd2 Ne6 23. Bb3 Na5 24. Kh2 Nc4 25. Qe2 Nb6 26. Nxb6 Qxb6 27. Bxe6 fxe6 28.
Nh4 Rxf2+ 0-1

[Event "Int. Championship of Central Serbia - OP"]
[Site "Paracin"]
[Date "2011.07.13"]
[Round "7.25"]
[White "Radosavljevic, Slobodan D"]
[Black "Tosic, Srecko"]
[Result "1-0"]
[WhiteElo "2223"]
[BlackElo "2342"]
[PlyCount "115"]
[EventDate "2011.07.08"]

1. c4 Nf6 2. Nf3 c6 3. g3 d5 4. Bg2 dxc4 5. O-O Nbd7 6. Na3 Nb6 7. Qc2 Qd5 8.
Ne1 Qf5 9. e4 Qh5 10. Nxc4 Nxc4 11. Qxc4 e5 12. d4 Be6 13. Qc2 exd4 14. Nd3 Qb5
15. h3 Nd7 16. b3 f6 17. Bb2 c5 18. Nf4 Bf7 19. Nd5 Bd6 20. a4 Qa5 21. Rfd1 Qd8
22. b4 b6 23. a5 Rc8 24. axb6 axb6 25. Ra7 Bxd5 26. exd5 O-O 27. Qf5 Ne5 28. f4
Nf7 29. Rd7 Qe8 30. Be4 g6 31. Qe6 Rd8 32. Ra7 f5 33. Bd3 Bb8 34. Ra8 Bxf4 35.
Ra7 Bxg3 36. Kg2 Bb8 37. Ra8 Rd6 38. Qxe8 Rxe8 39. Ba3 Rxd5 40. Bc4 Rdd8 41.
bxc5 bxc5 42. Rb1 Bd6 43. Rxd8 Rxd8 44. Rb7 Kg7 45. Rxf7+ Kh6 46. Bc1+ f4 47.
Kf3 Be5 48. Ke4 Bb8 49. Kd3 g5 50. Ba3 Kg6 51. Bxc5 Rc8 52. Bxd4 Rd8 53. Ke4
Re8+ 54. Kf3 Be5 55. Rd7 Kf6 56. Rd6+ Kg7 57. Bb5 Rf8 58. Rd5 1-0

[Event "Int. Championship of Central Serbia - OP"]
[Site "Paracin"]
[Date "2011.07.13"]
[Round "7.26"]
[White "Mladenovic, Stefan"]
[Black "Savicevic, Vlatko"]
[Result "0-1"]
[WhiteElo "2161"]
[BlackElo "2334"]
[PlyCount "130"]
[EventDate "2011.07.08"]

1. d4 Nf6 2. Nf3 e6 3. e3 d5 4. Bd3 c5 5. b3 Nbd7 6. Bb2 Be7 7. Nbd2 O-O 8. O-O
b6 9. c4 Bb7 10. Ne5 dxc4 11. Ndxc4 b5 12. Nxd7 Nxd7 13. Ne5 Nxe5 14. dxe5 a6
15. Qe2 Qb6 16. Rfd1 Rfd8 17. Rac1 g6 18. h3 Bc6 19. Qg4 Rd7 20. Bc2 Rad8 21.
Rxd7 Rxd7 22. Rd1 Qa5 23. a3 Rd2 24. Rxd2 Qxd2 25. Qd1 Qxd1+ 26. Bxd1 Bd8 27.
Bc3 Bd5 28. b4 Bb6 29. Bc2 Kf8 30. Kf1 Ke7 31. e4 Bc4+ 32. Ke1 Kd7 33. f3 Kc6
34. Bd1 cxb4 35. axb4 Bd8 36. Be2 Be7 37. g3 Kb6 38. Bd4+ Kb7 39. Bc3 Bxe2 40.
Kxe2 a5 41. bxa5 Ka6 42. Kd3 b4 43. Bb2 Kxa5 44. Kc4 Ka4 45. f4 h5 46. Bc1 b3
47. Bb2 Bb4 48. Bd4 Be1 49. g4 h4 50. Bb2 Bb4 51. Bd4 Bd2 52. f5 Bb4 53. fxe6
fxe6 54. Kd3 Be7 55. Kc4 Bf8 56. Kd3 Ka3 57. Kc3 Ka2 58. Kc4 b2 59. Bxb2 Kxb2
60. Kb5 Kc3 61. Kc6 Kd4 62. Kd7 Kxe5 63. Ke8 Ba3 64. g5 Kxe4 65. Kf7 Kf5 0-1

[Event "Int. Championship of Central Serbia - OP"]
[Site "Paracin"]
[Date "2011.07.13"]
[Round "7.27"]
[White "Ratkovic, Milovan"]
[Black "Kislik, Erik Andrew"]
[Result "1/2-1/2"]
[WhiteElo "2146"]
[BlackElo "2328"]
[PlyCount "30"]
[EventDate "2011.07.08"]

1. d4 Nf6 2. Nf3 g6 3. Nc3 d5 4. Bf4 Bg7 5. e3 O-O 6. Be2 c5 7. O-O Nc6 8. dxc5
Qa5 9. Nb5 a6 10. Bc7 Qb4 11. a3 Qxb2 12. Rb1 Qa2 13. Ra1 Qb2 14. Rb1 Qa2 15.
Ra1 Qb2 1/2-1/2

[Event "Int. Championship of Central Serbia - OP"]
[Site "Paracin"]
[Date "2011.07.13"]
[Round "7.28"]
[White "Antic, Dragan"]
[Black "Popovic, Aleksandar M"]
[Result "1-0"]
[WhiteElo "2144"]
[BlackElo "2321"]
[PlyCount "75"]
[EventDate "2011.07.08"]

1. d4 Nf6 2. c4 g6 3. Nf3 Bg7 4. g3 O-O 5. Bg2 d6 6. O-O Na6 7. Nc3 c6 8. e4
Rb8 9. Re1 b5 10. e5 Ng4 11. h3 dxe5 12. hxg4 exd4 13. Ne2 d3 14. Bf4 Rb6 15.
Be3 c5 16. b4 bxc4 17. bxc5 Rb2 18. Ned4 d2 19. Nxd2 Bxd4 20. Nxc4 Bxe3 21.
Nxb2 Bd4 22. Qe2 Nxc5 23. Rad1 e5 24. Nc4 f6 25. Ne3 Be6 26. Nc2 Bf7 27. Qb5
Qd6 28. Nxd4 exd4 29. Rc1 Ne6 30. Rc6 Qd7 31. Qd5 Qxd5 32. Bxd5 Ng5 33. Bxf7+
Rxf7 34. Re8+ Kg7 35. Rd6 Rc7 36. Kg2 Rc2 37. Rd7+ Kh6 38. Re1 1-0

[Event "Int. Championship of Central Serbia - OP"]
[Site "Paracin"]
[Date "2011.07.13"]
[Round "7.29"]
[White "Sarenac, Ivan"]
[Black "Cvetanovic, Uros"]
[Result "0-1"]
[WhiteElo "2315"]
[BlackElo "2232"]
[PlyCount "86"]
[EventDate "2011.07.08"]

1. e4 c5 2. Nf3 d6 3. d4 cxd4 4. Nxd4 Nf6 5. Nc3 g6 6. Be3 Bg7 7. f3 O-O 8. Qd2
Nc6 9. Bc4 Nd7 10. h4 Nb6 11. Bb3 Na5 12. Qd3 Nxb3 13. axb3 d5 14. Ndb5 Be6 15.
exd5 Nxd5 16. Nxd5 Bxd5 17. Rd1 Be6 18. Qxd8 Raxd8 19. Nxa7 Bxb2 20. Ke2 f5 21.
Bb6 Rxd1 22. Rxd1 Bf6 23. Bf2 f4 24. c4 Bf5 25. Rd5 e5 26. g4 Bc2 27. Kd2 Bxb3
28. g5 Bg7 29. Kc3 Ba4 30. Kb4 Bc2 31. Rd7 e4 32. fxe4 Bxe4 33. Nb5 Bc6 34. Rc7
Rd8 35. Na7 Bg2 36. Rc8 Rxc8 37. Nxc8 Kf7 38. c5 Ke6 39. Kb5 Bf8 40. Kc4 Kf5
41. Nb6 Bc6 42. Kd4 Kg4 43. Ke5 Kf3 0-1

[Event "Int. Championship of Central Serbia - OP"]
[Site "Paracin"]
[Date "2011.07.13"]
[Round "7.30"]
[White "Markoja, Sebastijan"]
[Black "Dinic, Dragan"]
[Result "0-1"]
[WhiteElo "1923"]
[BlackElo "2297"]
[PlyCount "70"]
[EventDate "2011.07.08"]

1. e4 e5 2. Nf3 Nc6 3. Bb5 Nf6 4. d3 Bc5 5. c3 Qe7 6. h3 a6 7. Ba4 Ba7 8. Qe2
d6 9. Nbd2 O-O 10. Nf1 Nh5 11. Bb3 h6 12. Ne3 Be6 13. Nd5 Bxd5 14. Bxd5 Qf6 15.
g3 Rab8 16. Nh4 Nf4 17. gxf4 Qxh4 18. f5 Ne7 19. Bb3 d5 20. Be3 Bxe3 21. Qxe3
d4 22. cxd4 exd4 23. Qd2 c5 24. Rg1 b5 25. Rg3 c4 26. Bc2 Kh7 27. dxc4 bxc4 28.
f6 gxf6 29. Qxd4 Nf5 30. Qxc4 Nxg3 31. e5+ Ne4 32. Bxe4+ Kh8 33. Qd4 Rfd8 34.
Qe3 Rxb2 35. Bd3 Rxd3 0-1

[Event "Int. Championship of Central Serbia - OP"]
[Site "Paracin"]
[Date "2011.07.13"]
[Round "7.31"]
[White "Ganaus, Hannes"]
[Black "Marjanovic, Dejan"]
[Result "1-0"]
[WhiteElo "2287"]
[BlackElo "2153"]
[PlyCount "107"]
[EventDate "2011.07.08"]

1. d4 Nf6 2. c4 g6 3. Nf3 Bg7 4. g3 O-O 5. Bg2 d6 6. O-O Nc6 7. Nc3 Bg4 8. h3
Bxf3 9. Bxf3 Nd7 10. e3 e5 11. d5 Ne7 12. e4 f5 13. Be2 f4 14. Bg4 Kh8 15. Bxd7
Qxd7 16. Qg4 Qd8 17. gxf4 exf4 18. Bxf4 Ng8 19. Bg5 Qe8 20. Rae1 h6 21. Bd2 Nf6
22. Qg2 Nh5 23. f4 Kh7 24. Qg4 Bd4+ 25. Kg2 Qf7 26. e5 Bxc3 27. bxc3 Rae8 28.
e6 Qf5 29. Qxf5 Rxf5 30. a4 a5 31. Rb1 b6 32. Rf3 Kg7 33. Rbf1 Ref8 34. Be3 Kf6
35. Kf2 Ke7 36. Ke2 Rg8 37. Bd4 Nf6 38. Ke3 Nh7 39. Rg1 Nf8 40. Rgg3 Ke8 41.
Ke4 Rh5 42. Bf6 Nh7 43. Bd4 Nf8 44. f5 Rh4+ 45. Ke3 g5 46. Rf1 Nh7 47. f6 Rg6
48. Rgf3 Rf4 49. Rxf4 gxf4+ 50. Rxf4 Nf8 51. Rg4 Rxg4 52. hxg4 Ng6 53. Ke4 Nh4
54. Be3 1-0

[Event "Int. Championship of Central Serbia - OP"]
[Site "Paracin"]
[Date "2011.07.13"]
[Round "7.33"]
[White "Gajic, Mladen"]
[Black "Miladinovic, Lena"]
[Result "1-0"]
[WhiteElo "2269"]
[BlackElo "2074"]
[PlyCount "53"]
[EventDate "2011.07.08"]

1. b3 c5 2. Bb2 e6 3. e3 a6 4. f4 d5 5. Nf3 Nf6 6. d4 Nc6 7. Nbd2 Be7 8. a3 b6
9. Bd3 Bb7 10. O-O O-O 11. c4 dxc4 12. bxc4 Rc8 13. Qc2 h6 14. Kh1 Na5 15. Nb3
b5 16. Nxa5 Qxa5 17. Qe2 bxc4 18. Bxc4 Rfd8 19. Ne5 cxd4 20. Bxd4 Bc5 21. f5
Bxd4 22. exd4 Rxd4 23. fxe6 Rcxc4 24. exf7+ Kf8 25. Nxc4 Qb5 26. Rab1 Bxg2+ 27.
Qxg2 1-0

[Event "Int. Championship of Central Serbia - OP"]
[Site "Paracin"]
[Date "2011.07.13"]
[Round "7.34"]
[White "Livaja, Mario"]
[Black "Markoja, Boris"]
[Result "1/2-1/2"]
[WhiteElo "2267"]
[BlackElo "1944"]
[PlyCount "252"]
[EventDate "2011.07.08"]

1. d4 Nf6 2. Nf3 e6 3. Bg5 c5 4. c3 h6 5. Bh4 b6 6. e3 Be7 7. Bd3 Bb7 8. O-O
O-O 9. Qe2 cxd4 10. cxd4 Nc6 11. a3 d6 12. Nc3 Rc8 13. Rac1 Re8 14. Rc2 Nd5 15.
Bg3 Nxc3 16. Rxc3 Bf6 17. Rfc1 Re7 18. Ba6 Bxa6 19. Qxa6 Rec7 20. h4 Ne7 21. e4
Nc6 22. Qa4 b5 23. Qa6 Nxd4 24. Nxd4 Bxd4 25. Qxc8 Qxc8 26. Rxc7 Qa6 27. R7c6
Qa4 28. Rxd6 Bxb2 29. Rc8+ Kh7 30. Rc7 Qxe4 31. Rxf7 a5 32. Rb6 b4 33. axb4
axb4 34. Rf4 Qb1+ 35. Kh2 Bc3 36. h5 b3 37. Rf3 Qc2 38. Rb8 Bf6 39. Rfxb3 Qf5
40. R8b5 e5 41. Kg1 Qxh5 42. Rb1 Qe2 43. R5b2 Qd3 44. Re1 e4 45. Rbb1 Bc3 46.
Red1 Qe2 47. Bf4 h5 48. Rd5 h4 49. Be3 Qg4 50. Rg5 Qe2 51. Rf5 Bd2 52. Bxd2
Qxd2 53. Rh5+ Kg6 54. Rxh4 e3 55. fxe3 Qxe3+ 56. Kh1 Qf2 57. Rh3 Kg5 58. Rb5+
Kg4 59. Rb4+ Kg5 60. Kh2 g6 61. Rg3+ Kh5 62. Rh3+ Kg5 63. Rb5+ Kg4 64. Rb4+ Kg5
65. Rf3 Qe1 66. Rb5+ Kg4 67. Rd5 Qh4+ 68. Rh3 Qf2 69. Rdd3 Qf4+ 70. Rdg3+ Kf5
71. Rh8 Qd6 72. Rh6 Qb6 73. Kh3 Qg1 74. Rgxg6 Qh1+ 75. Kg3 Qe1+ 76. Kh2 Qe5+
77. Rg3 Qe2 78. Rh8 Qe7 79. Rf3+ Ke4 80. Rh5 Qd6+ 81. Kh3 Qe6+ 82. Rff5 Qb3+
83. g3 Qe6 84. g4 Qb3+ 85. Kh4 Qb2 86. Re5+ Kd4 87. Rd5+ Ke4 88. Rhe5+ Kf4 89.
Rf5+ Ke4 90. Rde5+ Kd4 91. g5 Qh2+ 92. Kg4 Qg2+ 93. Kh5 Qh3+ 94. Kg6 Qh8 95.
Re7 Qg8+ 96. Kh6 Qh8+ 97. Rh7 Qe8 98. g6 Qe3+ 99. Kg7 Qe7+ 100. Rf7 Qe5+ 101.
Kf8 Qb8+ 102. Ke7 Qc7+ 103. Ke6 Qe5+ 104. Kd7 Qd5+ 105. Kc7 Qc5+ 106. Kd7 Qd5+
107. Ke7 Qe5+ 108. Kf8 Qb8+ 109. Kg7 Qe5+ 110. Kh6 Qh2+ 111. Kg5 Qg3+ 112. Kf5
Qf3+ 113. Ke6 Qd5+ 114. Ke7 Qe5+ 115. Kd8 Qb8+ 116. Kd7 Qb7+ 117. Ke6 Qd5+ 118.
Ke7 Qe5+ 119. Kd7 Qd5+ 120. Ke8 Qe6+ 121. Kf8 Qxg6 122. Rd7+ Ke4 123. Rhe7+ Kf4
124. Rf7+ Ke4 125. Rfe7+ Kf4 126. Rg7 Qh6 1/2-1/2

[Event "Int. Championship of Central Serbia - OP"]
[Site "Paracin"]
[Date "2011.07.13"]
[Round "7.35"]
[White "Zajic, Milan"]
[Black "Milovanovic, Srboljub"]
[Result "1-0"]
[WhiteElo "2074"]
[BlackElo "2196"]
[PlyCount "89"]
[EventDate "2011.07.08"]

1. e4 c5 2. Nf3 Nc6 3. d4 cxd4 4. Nxd4 Nf6 5. Nc3 d6 6. Be2 e5 7. Nf3 Be6 8.
Bg5 h6 9. Bxf6 Qxf6 10. Nd5 Qd8 11. O-O Be7 12. Re1 O-O 13. h3 Rc8 14. c3 Qd7
15. Bb5 Bd8 16. b4 f5 17. exf5 Rxf5 18. Bd3 Rf8 19. Be4 Ne7 20. Qb3 Kh8 21.
Rad1 Ng8 22. a4 Qf7 23. Qc2 g5 24. Rd2 Kg7 25. Nh2 Bf5 26. f3 Be6 27. Nf1 a5
28. Rb1 Ne7 29. Nxe7 Qxe7 30. bxa5 Bxa5 31. Rxb7 Rc7 32. Rxc7 Qxc7 33. Qd3 d5
34. Bxd5 Rd8 35. c4 Bxd2 36. Qxd2 Bxd5 37. cxd5 Qa7+ 38. Ne3 Qxa4 39. Qc3 Qe8
40. Qc7+ Rd7 41. Qc6 Qf7 42. Ng4 Qe7 43. Qxh6+ Kf7 44. Qh7+ Kf8 45. Qh8+ 1-0

[Event "Int. Championship of Central Serbia - OP"]
[Site "Paracin"]
[Date "2011.07.13"]
[Round "7.36"]
[White "Suc, Timothy"]
[Black "Kolbert, Engelbert"]
[Result "1-0"]
[WhiteElo "2025"]
[BlackElo "2161"]
[PlyCount "109"]
[EventDate "2011.07.08"]

1. e4 c5 2. Nf3 e6 3. d3 Nc6 4. Qe2 Be7 5. g3 b5 6. Bg2 Bb7 7. O-O d6 8. c3 Bf6
9. Rd1 g5 10. Be3 g4 11. Ne1 h5 12. d4 cxd4 13. cxd4 a6 14. e5 Bg7 15. exd6
Qxd6 16. d5 exd5 17. Rxd5 Qe7 18. Nc3 Nb4 19. Rg5 Bxg2 20. Nxg2 Bf6 21. Nd5
Nxd5 22. Rxd5 Rc8 23. Qd2 Kf8 24. Re1 Qc7 25. Rc5 Qd8 26. Rxc8 Qxc8 27. Rc1 Qe6
28. b3 Kg7 29. Nf4 Qe4 30. Nd5 Be5 31. Re1 Qf5 32. Bc5 f6 33. Bd4 Bd6 34. Bc3
Bc5 35. Rc1 h4 36. Bd4 Qxd5 37. Rxc5 Qf3 38. Rc7+ Kg6 39. Qc2+ Kh5 40. Rc5+ Kh6
41. Be3+ Kg7 42. Rc7+ Kf8 43. Qc5+ Ke8 44. Qd6 Qf5 45. Qxa6 Qd5 46. Qc8+ Qd8
47. Qe6+ Ne7 48. Rc1 hxg3 49. fxg3 Rf8 50. Bc5 Qd7 51. Re1 Rf7 52. Qxd7+ Kxd7
53. Rxe7+ Rxe7 54. Bxe7 Kxe7 55. a4 1-0

[Event "Int. Championship of Central Serbia - OP"]
[Site "Paracin"]
[Date "2011.07.13"]
[Round "7.37"]
[White "Perunovic, Ljubivoje"]
[Black "Savic, Dragan"]
[Result "0-1"]
[WhiteElo "2006"]
[BlackElo "2160"]
[PlyCount "128"]
[EventDate "2011.07.08"]

1. d4 Nf6 2. Nf3 e6 3. Bf4 d5 4. e3 Nbd7 5. Bd3 Be7 6. O-O Nh5 7. Bg3 Nxg3 8.
hxg3 Bf6 9. Nbd2 c5 10. c3 Qb6 11. Qb1 g6 12. dxc5 Nxc5 13. Bc2 O-O 14. e4 a5
15. e5 Bg7 16. a4 Nd7 17. Re1 Qc7 18. Bb3 Nxe5 19. Nxe5 Bxe5 20. Nf3 Bxg3 21.
fxg3 Qb6+ 22. Nd4 Qd6 23. Kh2 Bd7 24. Nf3 f6 25. Qd3 Kg7 26. c4 Bc6 27. cxd5
exd5 28. Rad1 Rad8 29. Nd4 Rfe8 30. Rxe8 Rxe8 31. Nb5 Qe5 32. Bxd5 Rd8 33. Nc3
Bxd5 34. Nxd5 Qxb2 35. Qb5 Qxb5 36. axb5 Kf7 37. Kg1 a4 38. Nc3 Rxd1+ 39. Nxd1
a3 40. Nc3 Ke6 41. Kf2 Ke5 42. Ke3 h5 43. Kd3 Kf5 44. Kc2 Kg4 45. Ne2 g5 46.
Kb3 f5 47. Kxa3 f4 48. gxf4 gxf4 49. b6 f3 50. gxf3+ Kxf3 51. Nd4+ Ke4 52. Ne6
h4 53. Kb4 Kf5 54. Nd4+ Kg4 55. Nf3 Kxf3 56. Kc5 h3 57. Kd6 h2 58. Kc7 h1=Q 59.
Kxb7 Qh7+ 60. Kb8 Qg8+ 61. Ka7 Qa2+ 62. Kb8 Ke4 63. b7 Kd5 64. Kc7 Qa7 0-1

[Event "Int. Championship of Central Serbia - OP"]
[Site "Paracin"]
[Date "2011.07.13"]
[Round "7.38"]
[White "Ratkovic, Miloje"]
[Black "Rodic, Dragan"]
[Result "1/2-1/2"]
[WhiteElo "2132"]
[BlackElo "2063"]
[PlyCount "116"]
[EventDate "2011.07.08"]

1. d4 d5 2. Nf3 Nf6 3. c4 e6 4. Nc3 Be7 5. cxd5 exd5 6. Bg5 O-O 7. e3 c6 8. Qc2
Ne4 9. Bxe7 Qxe7 10. Nxe4 dxe4 11. Nd2 Re8 12. Bc4 Nd7 13. O-O Nf6 14. Rae1 Be6
15. f3 Bd5 16. fxe4 Nxe4 17. Nxe4 Qxe4 18. Qxe4 Rxe4 19. Bxd5 cxd5 20. Rf5 Rd8
21. Rc1 Re7 22. Rxd5 Rde8 23. Rc3 f6 24. Kf2 g6 25. Rdc5 f5 26. Rc7 Kf7 27. Kf3
Kf6 28. Rxe7 Rxe7 29. g4 b6 30. gxf5 gxf5 31. Rc6+ Kg5 32. a4 h5 33. b4 Re4 34.
Rc2 Rh4 35. Rg2+ Kf6 36. a5 Rh3+ 37. Ke2 f4 38. exf4 Rb3 39. axb6 axb6 40. Rg5
Rxb4 41. Ke3 Rb3+ 42. Ke4 h4 43. Rg4 h3 44. Rh4 b5 45. Rh8 b4 46. d5 Rc3 47.
Rb8 Rc2 48. Rb6+ Ke7 49. Rxb4 Rxh2 50. Rb7+ Kd6 51. Rb6+ Kd7 52. Rh6 Rh1 53.
Kf5 h2 54. d6 Kc6 55. Kf6 Rf1 56. Rxh2 Rxf4+ 57. Ke5 Rf1 58. Rc2+ Kd7 1/2-1/2

[Event "Int. Championship of Central Serbia - OP"]
[Site "Paracin"]
[Date "2011.07.13"]
[Round "7.39"]
[White "Todorovic, Nenad I"]
[Black "Milosevic, Rade"]
[Result "1/2-1/2"]
[WhiteElo "1884"]
[BlackElo "2105"]
[PlyCount "141"]
[EventDate "2011.07.08"]

1. e4 c6 2. d4 d5 3. e5 Bf5 4. Ne2 e6 5. Ng3 Bg6 6. h4 h6 7. h5 Bh7 8. Bd3 Bxd3
9. cxd3 c5 10. dxc5 Qa5+ 11. Nd2 Qxc5 12. O-O Qd4 13. Nf3 Qb4 14. a3 Qb5 15.
Nd4 Qd7 16. Qg4 Nc6 17. Nxc6 bxc6 18. d4 f5 19. Qd1 Be7 20. b4 Bd8 21. Be3 Ne7
22. Ne2 O-O 23. Nf4 a5 24. Nd3 Bb6 25. Qc2 Ra7 26. Qb2 Rfa8 27. bxa5 Bxa5 28.
Nc5 Qc8 29. Rfb1 Bc7 30. Bd2 Rb8 31. Bb4 Bb6 32. Qc3 Kf7 33. a4 g6 34. hxg6+
Nxg6 35. a5 Bd8 36. a6 Be7 37. Nb7 Raxb7 38. axb7 Qxb7 39. Bxe7 Qxb1+ 40. Rxb1
Rxb1+ 41. Kh2 Nxe7 42. Qh3 Ke8 43. Qxh6 Kd7 44. f3 Rb8 45. g4 fxg4 46. fxg4
Rb2+ 47. Kg3 Rb3+ 48. Kf2 Rb2+ 49. Kf3 Rb3+ 50. Ke2 Rb2+ 51. Kd3 Rb3+ 52. Kd2
Rb2+ 53. Kc3 Rg2 54. Qg7 Rg3+ 55. Kd2 Rg2+ 56. Kd3 Rg3+ 57. Ke2 Rg2+ 58. Kf3
Rd2 59. Ke3 Rg2 60. Kf3 Rd2 61. Qf8 Rd3+ 62. Kf2 Rxd4 63. Qb8 Rxg4 64. Qd6+ Ke8
65. Qxe6 Rg6 66. Qh3 Kf7 67. Ke3 c5 68. Kd3 Re6 69. Qe3 c4+ 70. Kc3 Rg6 71. Qh3
1/2-1/2

[Event "Int. Championship of Central Serbia - OP"]
[Site "Paracin"]
[Date "2011.07.13"]
[Round "7.40"]
[White "Pantelic, Sasa"]
[Black "Ivanovic, Andrej"]
[Result "1-0"]
[WhiteElo "2364"]
[BlackElo "2001"]
[PlyCount "91"]
[EventDate "2011.07.08"]

1. d4 Nf6 2. c4 g6 3. g3 Bg7 4. Bg2 d6 5. Nc3 O-O 6. Nf3 Nc6 7. O-O a6 8. b3
Rb8 9. Nd5 b5 10. Nxf6+ Bxf6 11. Bh6 Re8 12. Rc1 e5 13. d5 Nd4 14. e4 Nxf3+ 15.
Qxf3 b4 16. c5 Be7 17. Be3 f5 18. Qe2 Bg5 19. Bxg5 Qxg5 20. exf5 gxf5 21. f4
Qg6 22. cxd6 cxd6 23. fxe5 Rxe5 24. Qd2 Bd7 25. Rfe1 Rbe8 26. Qxb4 Rxe1+ 27.
Rxe1 Rxe1+ 28. Qxe1 Qf6 29. Qd2 Qa1+ 30. Kf2 Kf7 31. a4 Qa3 32. Qc2 Qb4 33. Bf3
Qd4+ 34. Kg2 Qc5 35. Qd2 a5 36. h4 Qb6 37. Qc3 Qc5 38. Qd3 Qb4 39. Kh2 Qe1 40.
Qd4 Be8 41. Qh8 Qd2+ 42. Bg2 h6 43. Qh7+ Kf6 44. Qc7 Qb4 45. Qd8+ Kf7 46. Bf3
1-0

[Event "Int. Championship of Central Serbia - OP"]
[Site "Paracin"]
[Date "2011.07.13"]
[Round "7.41"]
[White "Bolt, Graham"]
[Black "Bojovic, Dusan"]
[Result "0-1"]
[WhiteElo "2074"]
[BlackElo "2320"]
[PlyCount "110"]
[EventDate "2011.07.08"]

1. g3 g6 2. Bg2 Bg7 3. e4 d6 4. d3 c5 5. c4 Nc6 6. Nc3 e6 7. Nge2 Nge7 8. Be3
Nd4 9. Rb1 Nec6 10. O-O O-O 11. f4 Rb8 12. Bf2 a6 13. Nxd4 cxd4 14. Ne2 e5 15.
Be1 b5 16. b3 bxc4 17. bxc4 Bg4 18. Rxb8 Qxb8 19. h3 Bd7 20. Qc1 Rc8 21. Bd2
Qb7 22. Qc2 Rb8 23. Bc1 Qb4 24. f5 Nd8 25. Bd2 Qb2 26. Qd1 Qxa2 27. Nc1 Qa4 28.
Qf3 Qc2 29. Bg5 f6 30. Rf2 Qb1 31. Bd2 Rb2 32. Qd1 Qa1 33. Qe1 Nb7 34. fxg6
hxg6 35. Rf1 a5 36. g4 Rc2 37. g5 Qb2 38. Rf2 fxg5 39. Bxg5 Rxf2 40. Qxf2 Qxf2+
41. Kxf2 Kh7 42. Ke2 Bh6 43. h4 Bxg5 44. hxg5 Nc5 45. Kd2 Bg4 46. Kc2 a4 47.
Bf1 Ne6 48. Kb2 Nxg5 49. Ka3 Bd1 50. Kb4 Kg7 51. Be2 Bxe2 52. Nxe2 Ne6 53. Kxa4
Nf4 54. Kb5 Kf6 55. Kc6 Ke6 0-1

[Event "Int. Championship of Central Serbia - OP"]
[Site "Paracin"]
[Date "2011.07.13"]
[Round "7.42"]
[White "Steiner, Bruno"]
[Black "Kalinic, Dusan"]
[Result "1-0"]
[WhiteElo "2207"]
[BlackElo "2009"]
[PlyCount "83"]
[EventDate "2011.07.08"]

1. c4 e5 2. g3 Nf6 3. Bg2 Nc6 4. Nc3 Bb4 5. Nd5 O-O 6. e3 d6 7. Ne2 Re8 8. O-O
Ba5 9. a3 Nxd5 10. cxd5 Ne7 11. d4 Bg4 12. dxe5 dxe5 13. h3 Bh5 14. e4 Bb6 15.
Kh1 f6 16. Be3 Bxe3 17. fxe3 Bxe2 18. Qxe2 Qd6 19. Rac1 c6 20. Rfd1 cxd5 21.
exd5 a6 22. e4 Rac8 23. h4 Rxc1 24. Rxc1 g6 25. Kh2 f5 26. Rc3 fxe4 27. Qxe4
Nf5 28. Rb3 b5 29. Rd3 Rc8 30. Qe2 Nd4 31. Qd1 Rf8 32. Qe1 Rc8 33. Rc3 Rxc3 34.
Qxc3 Kg7 35. b4 Kf7 36. Qc8 Nf5 37. Be4 Qf6 38. Qd7+ Kf8 39. Qxh7 Ke8 40. h5
Ne7 41. Bxg6+ Kd8 42. Qf7 1-0

[Event "Int. Championship of Central Serbia - OP"]
[Site "Paracin"]
[Date "2011.07.13"]
[Round "7.43"]
[White "Radovanovic, Nikola"]
[Black "Jeremic, Milan"]
[Result "1/2-1/2"]
[WhiteElo "2096"]
[BlackElo "2172"]
[PlyCount "42"]
[EventDate "2011.07.08"]

1. e4 e5 2. Nf3 Nc6 3. d4 exd4 4. Nxd4 Nxd4 5. Qxd4 d6 6. Bc4 Qf6 7. Be3 Be7 8.
Nc3 Be6 9. Bb3 Qxd4 10. Bxd4 Bf6 11. Bxf6 Nxf6 12. O-O O-O-O 13. f3 Bxb3 14.
axb3 a6 15. b4 Rhe8 16. Rfd1 c6 17. Rd2 d5 18. exd5 Nxd5 19. Nxd5 Rxd5 20. Rxd5
cxd5 21. Rd1 Re2 1/2-1/2

[Event "Int. Championship of Central Serbia - OP"]
[Site "Paracin"]
[Date "2011.07.13"]
[Round "7.44"]
[White "Petrovic, Marija"]
[Black "Osmanovic, Faruk"]
[Result "1/2-1/2"]
[WhiteElo "2169"]
[BlackElo "2053"]
[PlyCount "155"]
[EventDate "2011.07.08"]

1. d4 Nf6 2. Nf3 e6 3. e3 b6 4. Bd3 Bb7 5. O-O d5 6. Ne5 Bd6 7. f4 O-O 8. Nd2
c5 9. c3 Nc6 10. Qf3 Ne7 11. Qh3 Ne4 12. Ndf3 h6 13. Bd2 Bc8 14. Be1 f6 15. Ng4
Nf5 16. Nh4 Qe8 17. Nf2 Nxf2 18. Bxf2 Nxh4 19. Bxh4 e5 20. Bf5 Bxf5 21. Qxf5 g6
22. Qh3 e4 23. Bg3 Kg7 24. f5 Bxg3 25. Qxg3 c4 26. fxg6 Qxg6 27. Qc7+ Qf7 28.
Qxf7+ Kxf7 29. Rf5 Ke6 30. Rh5 Rh8 31. Rf1 Rad8 32. Rf4 Rdg8 33. Rhf5 Rg6 34.
Rh5 Rg5 35. Rfh4 Rxh5 36. Rxh5 b5 37. Kf2 a5 38. Ke2 b4 39. Kd2 f5 40. g3 Kf6
41. Rh4 h5 42. Rf4 Rg8 43. Rf2 h4 44. gxh4 Rg4 45. cxb4 axb4 46. a3 b3 47. Kc3
Ke6 48. a4 Rxh4 49. a5 Rh8 50. Rf1 Rxh2 51. Rb1 Kd6 52. Kb4 Kc6 53. a6 Kb6 54.
a7 Kxa7 55. Kc5 Rc2 56. Kxd5 Kb6 57. Ke5 Rf2 58. Ke6 Re2 59. d5 Rd2 60. Kxf5
Kc5 61. Kxe4 Rxd5 62. Kf4 Rd2 63. Ke5 Rh2 64. Ke4 Kb4 65. Kf4 Rf2+ 66. Ke5 c3
67. bxc3+ Kxc3 68. e4 Kc2 69. Rh1 b2 70. Ke6 b1=Q 71. Rxb1 Kxb1 72. e5 Kc2 73.
Kd7 Rd2+ 74. Kc7 Re2 75. Kd6 Kc3 76. e6 Rd2+ 77. Kc7 Re2 78. Kd7 1/2-1/2

[Event "Int. Championship of Central Serbia - OP"]
[Site "Paracin"]
[Date "2011.07.13"]
[Round "7.45"]
[White "Grbic, Branko"]
[Black "Pregarac, Valter"]
[Result "1-0"]
[WhiteElo "1922"]
[BlackElo "2105"]
[PlyCount "57"]
[EventDate "2011.07.08"]

1. e4 e6 2. d4 d5 3. Nc3 Nf6 4. Bg5 Bb4 5. e5 h6 6. Bd2 Bxc3 7. bxc3 Ne4 8. Qg4
Kf8 9. Bd3 Nxd2 10. Kxd2 c5 11. f4 c4 12. Be2 b5 13. Qf3 Nc6 14. a3 Bd7 15. g4
g6 16. h4 h5 17. gxh5 Rxh5 18. Qg3 Rh8 19. Nf3 Ne7 20. Rag1 Nf5 21. Qg4 Rh5 22.
Ng5 Be8 23. Qg2 Rxh4 24. Nh7+ Kg7 25. Nf6 Bc6 26. Rxh4 Nxh4 27. Qg5 Nf5 28. Rh1
Qa5 29. Ne8+ 1-0

[Event "Int. Championship of Central Serbia - OP"]
[Site "Paracin"]
[Date "2011.07.13"]
[Round "7.46"]
[White "Uyanik, Mehmet"]
[Black "Elez, Sinisa"]
[Result "0-1"]
[WhiteElo "1719"]
[BlackElo "2149"]
[PlyCount "70"]
[EventDate "2011.07.08"]

1. e4 c5 2. Nf3 d6 3. d4 cxd4 4. Nxd4 a6 5. Nc3 Nf6 6. Bc4 e6 7. Bb3 Be7 8. f4
O-O 9. O-O Qc7 10. f5 e5 11. Nde2 Nbd7 12. Ng3 b5 13. Bd5 Bb7 14. Bxb7 Qxb7 15.
Bg5 b4 16. Bxf6 Nxf6 17. Nd5 Nxd5 18. exd5 Rfc8 19. Nh5 Rc4 20. f6 Bf8 21. Qd3
Rd4 22. Qe3 g6 23. Ng3 Qxd5 24. Qg5 h6 25. Qe3 Rc8 26. Rf2 Rd1+ 27. Rxd1 Qxd1+
28. Rf1 Qxc2 29. Ne4 d5 30. Nd6 Bxd6 31. Qxh6 Bf8 32. Qg5 Qe2 33. h4 Bc5+ 34.
Kh2 Qxf1 35. Qxe5 Bg1+ 0-1

[Event "Int. Championship of Central Serbia - OP"]
[Site "Paracin"]
[Date "2011.07.13"]
[Round "7.47"]
[White "Zarkovic, Mila"]
[Black "Jovanovic, Bojan P"]
[Result "0-1"]
[WhiteElo "2015"]
[BlackElo "2222"]
[PlyCount "114"]
[EventDate "2011.07.08"]

1. e4 e6 2. d4 d5 3. Nc3 Nf6 4. Bg5 Bb4 5. e5 h6 6. Bd2 Bxc3 7. Bxc3 Ne4 8. Qg4
Qg5 9. Qxg5 hxg5 10. Bd3 Nxc3 11. bxc3 Ke7 12. Kd2 c5 13. g3 Nc6 14. Ke3 f5 15.
f4 c4 16. Bf1 g4 17. h3 Bd7 18. Rh2 Rh6 19. h4 b5 20. a3 Rhh8 21. Be2 Rhb8 22.
Bd1 Rb6 23. Ne2 Rab8 24. Kd2 Ra6 25. Rh1 Ra4 26. Kc1 a5 27. Kb2 Na7 28. h5 Rh8
29. Rh2 g6 30. h6 Nc6 31. Nc1 Nd8 32. Na2 Nf7 33. h7 Kf8 34. Be2 Kg7 35. Rah1
Nd8 36. Rh4 Nc6 37. Bf1 Nb8 38. Be2 Bc6 39. Bf1 Nd7 40. R4h2 Nf8 41. Nc1 b4 42.
axb4 axb4 43. cxb4 Rxb4+ 44. Kc3 Rb1 45. Na2 Rxh7 46. Rxh7+ Nxh7 47. Nb4 Bb7
48. Bg2 Rxh1 49. Bxh1 g5 50. Kd2 gxf4 51. gxf4 Nf8 52. Ke3 Ng6 53. c3 Kh6 54.
Nc2 Kh5 55. Na3 Ba6 56. Nb1 Kh4 57. Nd2 Kh3 0-1